Logo BPK

Biblioteka

Politechniki Koszalińskiej

Prasa kobieca w Polsce w latach 1945-1995 / (Rekord nr 36924)

Szczegóły MARC
000 -ETYKIETA REKORDU
podpole kontrolne o stałej długości 00608nam a2200205 i 4500
001 - NUMER KONTROLNY REKORDU
pole kontrolne bg
020 ## - MIĘDZYNARODOWY ZNORMALIZOWANY NUMER KSIĄŻKI - ISBN
ISBN 8387288462
040 ## - ŹRÓDŁO KATALOGOWANIA
Instytucja, która utworzyła rekord BPK
041 0# - KOD JĘZYKA
Kod języka tekstu pl
080 ## - UNIWERSALNA KLASYFIKACJA DZIESIĘTNA - UKD
UKD 050+070]-055.2(438)"1944/..."
920 ## - Międzynarodowy znormalizowany numer książki – ISBN
ISBN 83-87288-46-2
008 - POLE O STAŁEJ DŁUGOŚCI - DANE KONTROLNE
podpole kontrolne o stałej długości s pl f |000 0 pol
100 1# - NAZWA OSOBOWA
Nazwa osobowa SOKÓŁ, Zofia
245 10 - TYTUŁ/ODPOWIEDZIALNOŚĆ
Tytuł Prasa kobieca w Polsce w latach 1945-1995 /
Pozostałe elementy strefy tytułu i oznaczenia odpowiedzialności Zofia Sokół.
260 ## - STREFA ADRESU WYDAWNICZEGO
Miejsce wydania Rzeszów :
Nazwa wydawcy/dystrybutora Wydaw. Wyższej Szkoły Pedagogicznej,
Data publikacji, dystrybucji/powstania dokumentu 1998.
300 ## - STREFA OPISU FIZYCZNEGO
Objętość 458, [1] s. ;
Rozmiary 21 cm.
504 ## - UWAGA DOTYCZĄCA BIBLIOGRAFII
Informacje o bibliografii Bibliogr. s. 439-[459].
650 #9 - HASŁO PRZEDMIOTOWE W FORMIE NAZWY OGÓLNEJ LUB JEDNOSTKOWEJ
Nazwa ogólna lub geograficzna Czasopisma kobiece
Określnik ogólny historia
Określnik geograficzny Polska
Określnik chronologiczny od 1944 r.
856 ## - LOKALIZACJA I DOSTĘP DO ELEKTRONICZNYCH DOKUMENTÓW ZDALNYCH
Link (URL) http://koha.tu.koszalin.pl/cgi-bin/koha/opac-detail.pl?biblionumber=36924
Tekst linku Katalog online BPK
942 ## - DODATKOWE ELEMENTY (KOHA)
Typ dokumentu Książka
Egzemplarze
Wycofany Status egzemplarza Uszkodzony Dostępność Lokalizacja stała Lokalizacja bieżąca Miejsce przechowywania Sygnatura Kod kreskowy Typ dokumentu
      Dostępny Biblioteka Politechniki Koszalińskiej Biblioteka Politechniki Koszalińskiej Wypożyczalnia BG 52395 01487589 Książka
© 2023 Biblioteka Politechniki Koszalińskiej :: KOHA